00892nam a2200253 i 4500003000900000005001700009008004100026020001500067040004300082041000800125082002300133100003000156245014000186264004500326300002200371336002200393337002400415338003300439500000600472504005400478546002000532650002900552856005700581EG-GICUC20260218110400.0260218s1990 nz ||fr|||| 000 0 eng d a2880440262 aEG-GiCUCbengcEG-GiCUCdEG-GiCUCerda0 aeng04221a341.23bWI . T1 aWilliams, Paul ReAuthor.00aTreatment Of Detainees :bExamination Of Issues Relevant To Detention By The United Nations Human Rights Committee /cPaul R. Williams. 3aGeneva :bHenry Dunant Institute,c1990. a267 pages,c24 cm 2rda contentatext 2rda mediaaComputer 2rda carrieraOnline Resource a` aIncludes bibliographical references and index.  aText in English14aPublic international law40uhttps://fll.law.cu.edu.eg/fulltext/bks/B11-08102.pdf